000 00570nam a22001697a 4500
003 NUST
038 _aNusrat Nadeem
082 _a200
100 _aHafiz Mati Ur Rahman
_9127717
245 _aImplementation of Open Models for Fully / Partially Disaggregated SDN based Optical Networks/
_cHafiz Mati Ur Rahman
264 _aIslamabad:
_bSEECS NUST;
_c2024.
300 _a173,p;
650 _aPhD- Computer Science
_9123747
700 _aSupervisor Dr. Salman Abdul Ghafoor
_996748
856 _u http://10.250.8.41:8080/xmlui/handle/123456789/49150
942 _2ddc
_cSC
999 _c612759
_d612759